000 00437cam a2200157ua 4500
041 _aeng
_h
082 _a307.14
_bRAM/GR
100 _aRam, Krishna .
245 _aGrass-roots of agricultural and community development programme in India /
_cRam Krishna.
_hTextual Documents
250 _a1 /
_b.
260 _aBombay :
_bAllied Publishers Pvt Ltd ,
_c1966.
300 _a187 ; .
504 _a
942 _cBK
999 _c3223
_d3223